| 000 | 00971cam a2200229 4500 | ||
|---|---|---|---|
| 001 | ABS66872 | ||
| 008 | 030721n2003 000 0 eng u | ||
| 035 | _a(Sirsi) u123070 | ||
| 100 | _aDallas, R. | ||
| 245 | _aMeasured surveys of historic buildings: user requirements and technical progress | ||
| 260 | _c2003 | ||
| 490 |
_aJournal of Architectural Conservation _v9(2) July 2003, 58-81(24) |
||
| 520 | _aProvides an overview of the range of current measured survey techniques, the effect of computers and CAD (computer aided drafting), the applications of measured surveys (including the advantages and disadvantages) and some advice on briefing and commissioning measured survey work. [Taken from journal abstract]. | ||
| 590 | _aABS | ||
| 650 | _aCAD | ||
| 650 | _aCOMPUTER-AIDED DRAFTING | ||
| 650 | _aMEASURED SURVEYS | ||
| 650 | _aHISTORIC BUILDINGS | ||
| 650 | _aMEASURING PRACTICE | ||
| 690 | _aBUILT ENVIRONMENT-BUILDING INSPECTION | ||
| 942 | _n0 | ||
| 999 |
_c73078 _d73078 |
||